| 000 | 00609nam a2200169 i 4500 | ||
|---|---|---|---|
| 001 | 182982 | ||
| 003 | ES-MaACL | ||
| 005 | 20230906221746.0 | ||
| 007 | t| | ||
| 008 | 140109s1893 sp ||||1| spa d | ||
| 110 | 2 |
_aCírculo de la Unión Mercantil (Madrid) _9134324 |
|
| 245 | 1 | 0 | _aMemoria presentada por la Junta de Gobierno a la general ordinaria de señores socios el día 30 de enero de 1893. |
| 260 |
_aMadrid : _b[s.n.], _c1893 ( _fEst. tip. de "El Liberal") |
||
| 300 |
_a97 p. ; _c24 cm. |
||
| 610 | 2 | 4 |
_aCírculo de la Unión Mercantil (Madrid)- _vMemorias. _9150705 |
| 852 |
_aES-MaACL _jT-692-F-14 |
||
| 999 |
_c182982 _d182982 |
||